[Event "Barcelona Christmas A"]
[Site "Barcelona"]
[Date "2019.01.02"]
[Round "6.2"]
[White "Vives Cabau, Jordi"]
[Black "Anjali, R Sagar"]
[Result "1-0"]
[WhiteElo "1847"]
[BlackElo "1777"]
[PlyCount "39"]
[EventDate "2018.12.27"]
[EventType "swiss"]
[EventRounds "9"]
[EventCountry "ESP"]
[SourceTitle "EXT 2024"]
[Source "ChessBase"]
[SourceDate "2023.10.10"]
[SourceVersion "1"]
[SourceVersionDate "2023.10.10"]
[SourceQuality "1"]

1. e4 e5 2. Bc4 Bc5 3. Qh5 Qf6 4. Nf3 d6 5. d3 Qg6 6. Qxg6 hxg6 7. Nc3 c6 8. Bd2 f6 9. Na4 Bb6 10. Nxb6 axb6 11. c3 b5 12. Bb3 Na6 13. d4 Bg4 14. 0-0-0 Ne7 15. Be3 g5 16. h3 Bh5 17. Be6 Nb4 18. cxb4 Bf7 19. Bxf7+ Kxf7 20. a3 1-0

[Event "Barcelona Christmas A"]
[Site "Barcelona"]
[Date "2018.12.29"]
[Round "3.3"]
[White "Cano Sevila, Ivan"]
[Black "Vives Cabau, Jordi"]
[Result "1/2-1/2"]
[WhiteElo "1945"]
[BlackElo "1847"]
[PlyCount "28"]
[EventDate "2018.12.27"]
[EventType "swiss"]
[EventRounds "9"]
[EventCountry "ESP"]
[SourceTitle "EXT 2024"]
[Source "ChessBase"]
[SourceDate "2023.10.10"]
[SourceVersion "1"]
[SourceVersionDate "2023.10.10"]
[SourceQuality "1"]

1. b4 c6 2. Bb2 Qb6 3. a3 a5 4. c4 axb4 5. c5 Qc7 6. axb4 Rxa1 7. Bxa1 d6 8. d4 b5 9. Nf3 Nf6 10. Nc3 Bg4 11. e4 dxc5 12. dxc5 e6 13. Nxb5 cxb5 14. Bxb5+ Nfd7 1/2-1/2

[Event "Sant Adria de Besos op 2nd B"]
[Site "Sant Adria de Besos"]
[Date "2018.08.15"]
[Round "8.6"]
[White "Vives Cabau, Jordi"]
[Black "Onyango, Adia"]
[Result "0-1"]
[WhiteElo "1845"]
[BlackElo "1741"]
[PlyCount "130"]
[EventDate "2018.08.10"]
[EventType "swiss"]
[EventRounds "9"]
[EventCountry "ESP"]
[SourceTitle "EXT 2024"]
[Source "ChessBase"]
[SourceDate "2023.10.10"]
[SourceVersion "1"]
[SourceVersionDate "2023.10.10"]
[SourceQuality "1"]

1. f4 d5 2. e3 c5 3. b3 Nc6 4. Bb2 Nf6 5. Bb5 Bd7 6. Nf3 a6 7. Bxc6 Bxc6 8. Ne5 Bb5 9. a4 Bd7 10. Nxd7 Qxd7 11. Qf3 g6 12. 0-0 Bg7 13. Be5 e6 14. d3 0-0 15. Nd2 b5 16. Rfd1 Rfc8 17. c4 Qb7 18. Rdb1 Qb6 19. Ra2 Qc6 20. Rba1 bxc4 21. bxc4 Nd7 22. Bxg7 Kxg7 23. e4 d4 24. Qg3 f6 25. h4 e5 26. f5 Rg8 27. a5 Kf7 28. Qf3 Rg7 29. Qh3 gxf5 30. Qxf5 Qe6 31. Qxe6+ Kxe6 32. Rb1 Rag8 33. Nf3 Kd6 34. Rb7 Kc6 35. Ra7 Nb8 36. Rxg7 Rxg7 37. Rb2 Rb7 38. Rxb7 Kxb7 39. g4 Nc6 40. g5 fxg5 41. hxg5 Kc7 42. Kf2 Kd6 43. Kg3 Nxa5 44. Kg4 Nxc4 45. dxc4 a5 46. Nd2 a4 47. Nb1 d3 48. Kf3 Ke6 49. Ke3 Kf7 50. Kxd3 Kg6 51. Nd2 Kxg5 52. Nb1 Kf4 53. Nc3 a3 54. Kc2 Ke3 55. Kb3 Kd3 56. Nd1 Kxe4 57. Kxa3 Kf3 58. Kb3 e4 59. Kc2 e3 60. Nc3 h5 61. Kd1 Kf2 62. Ne2 h4 63. Nf4 Kf1 64. Ne2 h3 65. Ng3+ Kg2 0-1

[Event "Sant Adria de Besos op 2nd B"]
[Site "Sant Adria de Besos"]
[Date "2018.08.14"]
[Round "6.4"]
[White "Vives Cabau, Jordi"]
[Black "Arroyo Vega, Valenti"]
[Result "0-1"]
[WhiteElo "1845"]
[BlackElo "1845"]
[PlyCount "96"]
[EventDate "2018.08.10"]
[EventType "swiss"]
[EventRounds "9"]
[EventCountry "ESP"]
[SourceTitle "EXT 2024"]
[Source "ChessBase"]
[SourceDate "2023.10.10"]
[SourceVersion "1"]
[SourceVersionDate "2023.10.10"]
[SourceQuality "1"]

1. f4 d5 2. e3 Nf6 3. b3 Bf5 4. Bb2 e6 5. Nf3 c5 6. Bb5+ Nc6 7. Ne5 Qc7 8. 0-0 a6 9. Bxc6+ bxc6 10. d3 h6 11. g4 Bg6 12. Nxg6 fxg6 13. Be5 Bd6 14. Bxd6 Qxd6 15. Nd2 0-0 16. Qe2 e5 17. Qg2 exf4 18. exf4 Qe6 19. h3 Qe3+ 20. Qf2 Qxh3 21. Qf3 Qxg4+ 22. Qxg4 Nxg4 23. c4 Rae8 24. cxd5 cxd5 25. Rac1 Re2 26. Nb1 Rfe8 27. Nc3 Rd2 28. Rf3 Nf6 29. Rf2 Rxd3 30. Na4 Ne4 31. Re2 Rf8 32. Nxc5 Nxc5 33. Rxc5 Rxf4 34. Rc7 g5 35. Rd7 Rdf3 36. Rd2 Rf5 37. R7xd5 Rxd5 38. Rxd5 Kh7 39. Ra5 Rf6 40. a3 Kg6 41. a4 Kh5 42. b4 Kh4 43. b5 axb5 44. axb5 Rd6 45. Kf2 Rd2+ 46. Ke3 Rb2 47. Kf3 g4+ 48. Kf4 Rb3 0-1

[Event "Sant Adria de Besos op 2nd B"]
[Site "Sant Adria de Besos"]
[Date "2018.08.11"]
[Round "2.7"]
[White "Vives Cabau, Jordi"]
[Black "Martinez Buendia, Andres"]
[Result "1/2-1/2"]
[WhiteElo "1845"]
[BlackElo "1769"]
[PlyCount "157"]
[EventDate "2018.08.10"]
[EventType "swiss"]
[EventRounds "9"]
[EventCountry "ESP"]
[SourceTitle "EXT 2024"]
[Source "ChessBase"]
[SourceDate "2023.10.10"]
[SourceVersion "1"]
[SourceVersionDate "2023.10.10"]
[SourceQuality "1"]

1. b3 Nf6 2. f4 g6 3. Bb2 Bg7 4. e4 d6 5. Be2 Nc6 6. Nf3 0-0 7. d3 b5 8. Nfd2 e5 9. fxe5 dxe5 10. c3 b4 11. cxb4 Nxb4 12. Nc4 Ng4 13. a3 Nc6 14. Bxg4 Qh4+ 15. g3 Qxg4 16. Qxg4 Bxg4 17. Ne3 Be6 18. Nd2 Bxb3 19. Rc1 Ba4 20. Nd5 Rab8 21. Ba1 Nd4 22. Bxd4 exd4 23. Rxc7 Rb2 24. Rxa7 Ra2 25. Ke2 Bh6 26. Nf4 Rxa3 27. Rb1 Bd1+ 28. Kxd1 Rxa7 29. Nc4 Ra2 30. Ne2 Rfa8 31. Rb7 Ra1+ 32. Kc2 R8a2+ 33. Nb2 Be3 34. Kb3 Ra7 35. Rb5 Rh1 36. h4 Rh2 37. Nf4 Bxf4 38. gxf4 Rxh4 39. f5 gxf5 40. exf5 Kg7 41. Nc4 Rf4 42. Nd6 Re7 43. Kc4 f6 44. Rb8 h5 45. Ne8+ Rxe8 46. Rxe8 h4 47. Re1 Rg4 48. Kd5 Kh6 49. Ke6 Kg5 50. Rf1 Rg3 51. Kd5 Rxd3 52. Ke4 Re3+ 53. Kxd4 Re5 54. Rg1+ Kxf5 55. Rf1+ Kg6 56. Rg1+ Kh5 57. Rf1 Kg6 58. Rg1+ Rg5 59. Rh1 Rg4+ 60. Ke3 Kg5 61. Kf2 f5 62. Rh3 f4 63. Ra3 Rg3 64. Ra8 Kg4 65. Rg8+ Kf5 66. Rf8+ Ke5 67. Re8+ Kd6 68. Rf8 Ke5 69. Re8+ Kf5 70. Rf8+ Kg4 71. Rg8+ Kh3 72. Rf8 Rg2+ 73. Kf3 Rg1 74. Kf2 Kh2 75. Rxf4 h3 76. Rf3 Rg2+ 77. Kf1 Rb2 78. Rf2+ Rxf2+ 79. Kxf2 1/2-1/2